Rapport sur le choléra-morbus fait áa la Société de Médecine de Lyon au nom d'une commision / (Registro nro. 68592)

Detalles MARC
000 -LEADER
campo de control de longitud fija 00613nam a22001815i 4500
001 - NÚMERO DE CONTROL
campo de control 68592
003 - IDENTIFICADOR DE NÚMERO DE CONTROL
campo de control ES-MaACL
005 - FECHA Y HORA DE LA ÚLTIMA TRANSACCIÓN
campo de control 20230906170319.0
007 - CAMPO FIJO DE DESCRIPCIÓN FÍSICA--INFORMACIÓN GENERAL
campo de control de longitud fija t|
008 - DATOS DE LONGITUD FIJA--INFORMACIÓN GENERAL
campo de control de longitud fija 960812s1831 fr ||||1| fre d
040 ## - FUENTE DE CATALOGACIÓN
Centro catalogador/agencia de origen CAM
Lengua de catalogación spa
Centro/agencia transcriptor CAM
100 1# - ENTRADA PRINCIPAL--NOMBRE DE PERSONA
Nombre de persona Gauthier, Louis Philibert Auguste.
9 (RLIN) 56035
245 10 - MENCIÓN DEL TÍTULO
Título Rapport sur le choléra-morbus fait áa la Société de Médecine de Lyon au nom d'une commision /
Mención de responsabilidad, etc. par le Dr. L.-P.-Aug. Gauthier.
260 ## - PUBLICACIÓN, DISTRIBUCIÓN, ETC.
Lugar de publicación, distribución, etc. Lyon :
Nombre del editor, distribuidor, etc. imprimerie de Louis Perrin,
Fecha de publicación, distribución, etc. 1831.
300 ## - DESCRIPCIÓN FÍSICA
Extensión [4], 134, [1] p. ;
Dimensiones 22 cm.
650 ## - PUNTO DE ACCESO ADICIONAL DE MATERIA--TÉRMINO DE MATERIA
Término de materia o nombre geográfico como elemento de entrada Cólera-
Subdivisión geográfica Francia.
9 (RLIN) 11144
852 ## - LOCALIZACIÓN
Ubicación ES-MaACL
Número de control de estantería T-486-F-2
Existencias
Estatus retirado Estado de pérdida Estado de daño No para préstamo Colección Biblioteca de origen Biblioteca actual Ubicación en estantería Fecha de adquisición Fuente de adquisición Total de préstamos Signatura topográfica completa Código de barras Visto por última vez Precio de reemplazo Tipo de ítem Koha
        Colección de folletos Biblioteca del Ateneo de Madrid Biblioteca del Ateneo de Madrid Depósito folletos 17/01/2008     T-486-F-2 1071808 23/02/2023 23/02/2023 Folleto